00834aam a2200301 450000500170000000800410001704100080005808200140006610000190008010000200009924500780011925000160019726000320021330000180024565000330026365000270029665000160032365000170033965000190035665000230037565000210039865000330041965000170045265000140046965000190048365000120050265000180051420161006113527.0150622b xxu||||| |||| 00| 0 spa d aspa a658 K82e8 aKoontz, Harold aWeihrich, Heinz aElementos de administración: un enfoque internacional y de innovación a8 edición aMéxicobMcGraw-Hillc2013 a457 páginas aADMINISTRACIÓN DE EMPRESAS aRESPONSABILIDAD SOCIAL aDIRECCIÓN aPLANEACIÓN aORGANIZACIÓN aTOMA DE DECISIONES aRECURSOS HUMANOS aEVALUACIÓN DEL DESEMPEÑO aMOTIVACIÓN aLIDERAZGO aCOMUNICACIÓN aCONTROL aCALIDAD TOTAL